| 000 | 00000nas 2200000za 4500 |
| 001 | 9.502371 |
| 003 | CaOODSP |
| 005 | 20251126082702 |
| 007 | cr ||||||||||| |
| 008 | 150406c20069999oncar p o||||f0 b0fre|d |
| 040 | |aCaOODSP|bfre |
| 043 | |an-cn--- |
| 086 | 1 |aCC402-1F-PDF |
| 110 | 2 |aAdministration canadienne de la sûreté du transport aérien. |
| 245 | 10|aRésumé du plan d'entreprise ... et des budgets d'investissement et de fonctionnement |h[ressource électronique] / |cAdministration canadienne de la sûreté du transport aérien. |
| 246 | 33|aRésumé du plan d'entreprise …, budget de fonctionnement …, budget d'investissement … |
| 260 | |a[Ottawa] : |bAdministration canadienne de la sûreté du transport aérien |
| 310 | |aAnnuel |
| 362 | 1 |aParaît depuis 2005/06-2009/10. |
| 500 | |aPubl. aussi en anglais sous le titre : Summary of ... corporate plan and ... capital budget and ... operating budget. |
| 515 | |aL'année d'activité se termine le 31 mars. |
| 530 | |aÉgalement publ. en version imprimée. |
| 692 | 07|2gccst|aGestion financière |
| 692 | 07|2gccst|aPlanification budgétaire |
| 775 | 08|tSummary of the ... corporate plan, capital and operating budgets |w(CaOODSP)9.505969 |
| 776 | 0#|tAdministration canadienne de la sûreté du transport aérien, résumé du plan d'entreprise ... et des budgets d'investissement et de fonctionnement |w(CaOODSP)9.511969 |